Introduction To Psychology (Record no. 13664)

MARC details
000 -LEADER
fixed length control field 00490nam a22001817a 4500
003 - CONTROL NUMBER IDENTIFIER
control field OSt
008 - FIXED-LENGTH DATA ELEMENTS--GENERAL INFORMATION
fixed length control field 250710b |||||||| |||| 00| 0 eng d
020 ## - INTERNATIONAL STANDARD BOOK NUMBER
International Standard Book Number 9788176711197
082 ## - DEWEY DECIMAL CLASSIFICATION NUMBER
Classification number 150 MOI
100 ## - MAIN ENTRY--PERSONAL NAME
Personal name MORGAN, Clifford T. and KING, Richard A.
245 ## - TITLE STATEMENT
Title Introduction To Psychology
250 ## - EDITION STATEMENT
Edition statement 7th. ed.
260 ## - PUBLICATION, DISTRIBUTION, ETC. (IMPRINT)
Place of publication, distribution, etc New Delhi,
Name of publisher, distributor, etc Affiliated East West Press,
Date of publication, distribution, etc 2023,
300 ## - PHYSICAL DESCRIPTION
Extent Misc,
650 ## - SUBJECT ADDED ENTRY--TOPICAL TERM
Topical term or geographic name as entry element Psychology
700 ## - ADDED ENTRY--PERSONAL NAME
Personal name WEISZ, John R. and SCHOPLER, John
942 ## - ADDED ENTRY ELEMENTS (KOHA)
Source of classification or shelving scheme Dewey Decimal Classification
Koha item type Text Books
Holdings
Withdrawn status Lost status Source of classification or shelving scheme Damaged status Not for loan Collection code Home library Current library Date acquired Source of acquisition Cost, normal purchase price Bill Number Total Checkouts Full call number Acc. no. / Barcode Checked out Date last seen Date last borrowed Actual Cost, discounted price Bill Date Koha item type
    Dewey Decimal Classification     BA (Hons) Psychology PIET NCR College Library PIET NCR College Library 03/07/2025 Zafaa Books & Distributers 900.00 ZBD0177 1 150 MOI N3913 03/10/2025 19/09/2025 19/09/2025 630.00 03/07/2025 Text Books

Design & Developed by: PIET Central Library
R70 Miles Stone Pattikalyana Samalkha Panipat 132102
mail ID :- [email protected], Phone No:- 0180-2569700 Ex.216